000 00311 a2200157 4500
001 182793
020 _a
040 _cMagnum
100 _aMalba Tahan
240 1 0 _aA caixa do futuro
_lpor
245 1 0 _aA caixa do futuro
300 _a204
362 0 _a1964
697 _aLITERATURA GERAL
942 _cBK
999 _c182793
_d182793